|
|
|
|
| LEADER |
00000nam0a2200000 4500 |
| 001 |
336146 |
| 005 |
20250220113351.0 |
| 020 |
|
|
|a RU
|b 88-51692
|
| 035 |
|
|
|a (RuTPU)RU\TPU\book\362562
|
| 090 |
|
|
|a 336146
|
| 100 |
|
|
|a 20171010g1988 k y0rusy5003 ca
|
| 101 |
0 |
|
|a rus
|
| 102 |
|
|
|a RU
|
| 105 |
|
|
|a y z 101zy
|
| 200 |
1 |
|
|a Картография и научно-технический прогресс
|e тезисы докладов IX Всесоюзной конференции по тематическому картографированию, сентябрь 1988 г., г. Харьков
|f Академия наук СССР (АН СССР) ; СССР, Главное управление геодезии и картографии ; Харьковский государственный университет (ХГУ) ; под ред. И. Ю. Левицкого
|h Кн. 1
|
| 210 |
|
|
|a Ленинград
|c ГО СССР
|d 1988
|
| 215 |
|
|
|a 150 с.
|
| 320 |
|
|
|a Алфавитный указатель: с. 146-149
|
| 606 |
|
|
|a Картография
|2 stltpush
|3 (RuTPU)RU\TPU\subj\39381
|9 59494
|
| 610 |
1 |
|
|a страны
|
| 610 |
1 |
|
|a социально-экономическое развитие
|
| 610 |
1 |
|
|a картографическое обеспечение
|
| 610 |
1 |
|
|a аграрно-промышленный комплекс
|
| 610 |
1 |
|
|a СССР
|
| 610 |
1 |
|
|a Продовольственная программа
|
| 610 |
1 |
|
|a пленарные доклады
|
| 675 |
|
|
|a 528.9(063)
|v 3
|
| 702 |
|
1 |
|a Левицкий
|b И. Ю.
|g Иван Юрьевич
|4 340
|
| 712 |
0 |
2 |
|a Академия наук СССР (АН СССР)
|c (Ленинград/Москва)
|c (1925-1991)
|2 stltpush
|3 (RuTPU)RU\TPU\col\722
|
| 712 |
0 |
1 |
|a СССР
|b Главное управление геодезии и картографии
|c 1938-1991
|7 ca
|8 rus
|2 stltpush
|3 (RuTPU)RU\TPU\col\13425
|9 25663
|
| 712 |
0 |
2 |
|a Харьковский государственный университет (ХГУ)
|2 stltpush
|3 (RuTPU)RU\TPU\col\229
|
| 712 |
1 |
2 |
|a Картография и научно-технический прогресс
|c Всесоюзная конференция
|d 9
|e Харьков
|f 1988
|4 570
|
| 801 |
|
0 |
|a RU
|b RuMRKP
|c 19950417
|g psbo
|
| 801 |
|
1 |
|a RU
|b 63413507
|c 20171010
|
| 801 |
|
2 |
|a RU
|b 63413507
|c 20200731
|g RCR
|
| 942 |
|
|
|c BK
|